[Event "World Youth & Cadets Blitz Championships"]
[Site "Rhodes, Greece"]
[Date "2022.05.03"]
[Round "4.27"]
[White "Modith, Aaroh Mutyalapati"]
[Black "Jakhria, Kushal"]
[Result "0-1"]
[TimeControl "5'/game & 2\"/move"]
[WhiteElo "1598"]
[BlackElo "1367"]

1. e4 {[%clk 00:05:03]} c5 {[%clk 00:05:04]} 2. Nf3 {[%clk 00:05:03]} {[%emt
00:00:02]} Nc6 {[%clk 00:05:06]} 3. d4 {[%clk 00:05:04]} {[%emt 00:00:01]} cxd4
{[%clk 00:05:07]} {[%emt 00:00:01]} 4. Nxd4 {[%clk 00:05:04]} {[%emt 00:00:01]}
Nf6 {[%clk 00:05:09]} 5. Nc3 {[%clk 00:05:04]} {[%emt 00:00:02]} e5 {[%clk
00:05:10]} 6. Nf3 {[%clk 00:05:02]} {[%emt 00:00:04]} Bb4 {[%clk 00:05:11]}
{[%emt 00:00:02]} 7. Bd2 {[%clk 00:05:01]} {[%emt 00:00:03]} O-O {[%clk
00:05:08]} {[%emt 00:00:05]} 8. Bd3 {[%clk 00:05:02]} {[%emt 00:00:01]} d5
{[%clk 00:04:45]} {[%emt 00:00:24]} 9. exd5 {[%clk 00:04:55]} {[%emt 00:00:08]}
Nxd5 {[%clk 00:04:46]} {[%emt 00:00:02]} 10. Nxd5 {[%clk 00:04:56]} {[%emt
00:00:01]} Qxd5 {[%clk 00:04:44]} {[%emt 00:00:05]} 11. Bxb4 {[%clk 00:04:06]}
{[%emt 00:00:52]} Nxb4 {[%clk 00:04:45]} {[%emt 00:00:01]} 12. a3 {[%clk
00:04:04]} {[%emt 00:00:04]} Nxd3+ {[%emt 00:00:04]} 13. cxd3 {[%clk 00:03:58]}
{[%emt 00:00:07]} Bg4 {[%clk 00:04:43]} {[%emt 00:00:03]} 14. Qe2 {[%clk
00:03:49]} {[%emt 00:00:11]} Rad8 {[%clk 00:04:39]} {[%emt 00:00:06]} 15. Rd1
{[%clk 00:03:49]} {[%emt 00:00:01]} Rfe8 {[%clk 00:04:32]} {[%emt 00:00:10]} 16.
h3 {[%clk 00:03:49]} {[%emt 00:00:02]} Bxf3 {[%clk 00:04:31]} {[%emt 00:00:02]}
17. gxf3 {[%clk 00:03:49]} {[%emt 00:00:03]} Qa5+ {[%clk 00:04:28]} {[%emt
00:00:05]} 18. Kf1 {[%clk 00:03:47]} {[%emt 00:00:04]} Qb5 {[%clk 00:04:06]}
{[%emt 00:00:24]} 19. Rg1 {[%clk 00:03:34]} {[%emt 00:00:14]} Rd4 {[%clk
00:04:06]} {[%emt 00:00:02]} 20. Rg5 {[%clk 00:03:21]} {[%emt 00:00:15]} f6
{[%clk 00:04:03]} {[%emt 00:00:05]} 21. Rg4 {[%clk 00:03:20]} {[%emt 00:00:04]}
Red8 {[%clk 00:03:58]} {[%emt 00:00:07]} 22. Rxd4 {[%clk 00:03:15]} {[%emt
00:00:07]} Rxd4 {[%clk 00:03:58]} 23. Kg2 {[%clk 00:03:13]} {[%emt 00:00:04]}
Qd7 {[%clk 00:03:58]} {[%emt 00:00:03]} 24. Qc2 {[%clk 00:03:01]} {[%emt
00:00:14]} Qf5 {[%clk 00:03:53]} {[%emt 00:00:06]} 25. Qb3+ {[%clk 00:02:59]}
{[%emt 00:00:05]} Kh8 {[%clk 00:03:42]} {[%emt 00:00:13]} 26. Qxb7 {[%clk
00:02:34]} {[%emt 00:00:27]} h6 {[%clk 00:03:43]} 27. Qxa7 {[%clk 00:01:52]}
{[%emt 00:00:44]} Qg5+ {[%clk 00:03:40]} {[%emt 00:00:05]} 28. Kf1 {[%clk
00:01:53]} {[%emt 00:00:01]} Qh5 {[%clk 00:03:34]} {[%emt 00:00:08]} 29. Ke2
{[%clk 00:01:51]} {[%emt 00:00:04]} Rf4 {[%clk 00:03:24]} {[%emt 00:00:11]} 30.
Qa8+ {[%clk 00:01:53]} {[%emt 00:00:01]} Kh7 {[%clk 00:03:24]} {[%emt
00:00:02]} 31. b4 {[%clk 00:01:54]} {[%emt 00:00:01]} e4 {[%clk 00:03:21]}
{[%emt 00:00:05]} 32. dxe4 {[%clk 00:01:18]} {[%emt 00:00:38]} Qxf3+ {[%clk
00:03:20]} {[%emt 00:00:03]} 33. Kd2 {[%clk 00:01:19]} Qxf2+ {[%clk 00:03:19]}
{[%emt 00:00:02]} 34. Kc1 {[%clk 00:01:20]} {[%emt 00:00:02]} Qe3+ {[%clk
00:03:19]} {[%emt 00:00:02]} 35. Kb1 {[%clk 00:01:18]} {[%emt 00:00:04]} Qb3+
{[%clk 00:03:18]} {[%emt 00:00:03]} 36. Kc1 {[%clk 00:01:05]} {[%emt 00:00:16]}
Rf2 {[%clk 00:03:16]} {[%emt 00:00:02]} 37. Rd2 {[%clk 00:00:53]} {[%emt
00:00:14]} Rf1+ {[%clk 00:03:16]} {[%emt 00:00:03]} 38. Rd1 {[%clk 00:00:31]}
{[%emt 00:00:23]} Rxd1# {[%clk 00:03:16]} {[%emt 00:00:02]} 0-1

[Event "World Youth & Cadets Blitz Championships"]
[Site "Rhodes, Greece"]
[Date "2022.05.03"]
[Round "4.28"]
[White "Safin, Safarullakhan"]
[Black "Pathak, Raghav"]
[Result "0-1"]
[TimeControl "5'/game & 2\"/move"]
[WhiteElo "1379"]
[BlackElo "1415"]

1. e4 {[%clk 00:05:02]} {[%emt 00:00:02]} e6 {[%clk 00:05:02]} {[%emt
00:00:02]} 2. d4 {[%clk 00:05:03]} {[%emt 00:00:01]} d5 {[%clk 00:05:04]} 3. e5
{[%clk 00:05:04]} {[%emt 00:00:01]} c5 {[%clk 00:05:05]} 4. c3 {[%clk
00:05:05]} {[%emt 00:00:01]} Nc6 {[%clk 00:05:07]} 5. Nf3 {[%clk 00:05:06]} Qb6
{[%clk 00:05:08]} {[%emt 00:00:01]} 6. a3 {[%clk 00:05:07]} {[%emt 00:00:01]}
Nge7 {[%clk 00:05:03]} {[%emt 00:00:07]} 7. b4 {[%clk 00:05:07]} {[%emt
00:00:02]} cxd4 {[%clk 00:05:02]} {[%emt 00:00:02]} 8. cxd4 {[%clk 00:05:08]}
{[%emt 00:00:01]} Nf5 {[%clk 00:05:01]} {[%emt 00:00:04]} 9. Be3 {[%clk
00:05:08]} {[%emt 00:00:01]} Bd7 {[%clk 00:04:38]} {[%emt 00:00:25]} 10. Bd3
{[%clk 00:05:09]} {[%emt 00:00:01]} Nfxd4 {[%clk 00:04:28]} {[%emt 00:00:12]}
11. Nxd4 {[%clk 00:04:56]} {[%emt 00:00:15]} Nxd4 {[%clk 00:04:25]} {[%emt
00:00:06]} 12. O-O {[%clk 00:04:44]} {[%emt 00:00:14]} f6 {[%clk 00:04:20]}
{[%emt 00:00:03]} 13. exf6 {[%clk 00:04:38]} {[%emt 00:00:12]} O-O-O {[%clk
00:04:07]} {[%emt 00:00:14]} 14. f7 {[%clk 00:04:30]} {[%emt 00:00:10]} e5
{[%clk 00:04:03]} {[%emt 00:00:07]} 15. Nd2 {[%clk 00:04:23]} {[%emt 00:00:08]}
Kb8 {[%clk 00:04:03]} {[%emt 00:00:02]} 16. Nb3 {[%clk 00:04:19]} {[%emt
00:00:06]} Qf6 {[%clk 00:03:58]} {[%emt 00:00:06]} 17. Bxd4 {[%clk 00:04:12]}
{[%emt 00:00:10]} exd4 {[%clk 00:03:59]} 18. Rc1 {[%clk 00:04:02]} {[%emt
00:00:13]} Bd6 {[%clk 00:03:57]} {[%emt 00:00:03]} 19. Nc5 {[%clk 00:03:48]}
{[%emt 00:00:16]} Qxf7 {[%clk 00:03:24]} {[%emt 00:00:36]} 20. a4 {[%clk
00:03:43]} {[%emt 00:00:07]} Bc8 {[%clk 00:03:13]} {[%emt 00:00:12]} 21. b5
{[%clk 00:03:37]} {[%emt 00:00:08]} Qf4 {[%clk 00:02:36]} {[%emt 00:00:38]} 22.
g3 {[%emt 00:00:14]} Qf6 {[%clk 00:02:26]} {[%emt 00:00:01]} 23. a5 {[%clk
00:03:32]} {[%emt 00:00:08]} Bh3 {[%clk 00:02:14]} {[%emt 00:00:13]} 24. Re1
{[%clk 00:03:32]} {[%emt 00:00:02]} Rhf8 {[%clk 00:02:13]} {[%emt 00:00:03]} 25.
Qd2 {[%clk 00:03:30]} {[%emt 00:00:03]} Rf7 {[%clk 00:01:53]} {[%emt 00:00:23]}
26. a6 {[%clk 00:03:20]} {[%emt 00:00:12]} b6 {[%clk 00:01:42]} {[%emt
00:00:13]} 27. Nb7 {[%clk 00:03:21]} {[%emt 00:00:02]} Rdf8 {[%clk 00:01:41]}
{[%emt 00:00:02]} 28. Nxd6 {[%clk 00:03:14]} {[%emt 00:00:09]} Qxd6 {[%clk
00:01:40]} {[%emt 00:00:03]} 29. Rc6 {[%clk 00:03:10]} {[%emt 00:00:06]} Qd7
{[%clk 00:01:38]} {[%emt 00:00:04]} 30. f4 {[%clk 00:02:21]} {[%emt 00:00:51]}
Qg4 {[%clk 00:01:28]} {[%emt 00:00:08]} 31. Rec1 {[%clk 00:02:05]} {[%emt
00:00:23]} Rxf4 {[%clk 00:01:23]} {[%emt 00:00:07]} 32. Qe2 {[%clk 00:01:33]}
{[%emt 00:00:34]} Rf1+ {[%clk 00:01:14]} {[%emt 00:00:10]} 33. Rxf1 {[%clk
00:01:29]} {[%emt 00:00:07]} Rxf1+ {[%clk 00:01:15]} {[%emt 00:00:01]} 34. Qxf1
{[%clk 00:01:27]} {[%emt 00:00:03]} Bxf1 {[%clk 00:01:15]} {[%emt 00:00:03]} 35.
Bxf1 {[%clk 00:01:27]} {[%emt 00:00:01]} Qd1 {[%clk 00:01:11]} {[%emt
00:00:06]} 36. Re6 {[%clk 00:01:20]} {[%emt 00:00:09]} d3 {[%clk 00:01:11]}
{[%emt 00:00:02]} 37. Re8+ {[%clk 00:01:21]} Kc7 {[%clk 00:01:12]} {[%emt
00:00:01]} 38. Re7+ {[%clk 00:01:19]} {[%emt 00:00:04]} Kd6 {[%clk 00:01:13]}
{[%emt 00:00:01]} 39. Rxa7 {[%clk 00:01:08]} {[%emt 00:00:13]} d2 {[%clk
00:01:11]} {[%emt 00:00:05]} 40. Kg2 {[%clk 00:00:39]} {[%emt 00:00:31]} Qxf1+
{[%clk 00:00:44]} {[%emt 00:00:28]} 41. Kxf1 {[%clk 00:00:38]} {[%emt
00:00:04]} d1=Q+ {[%emt 00:00:04]} 42. Kf2 {[%clk 00:00:36]} {[%emt 00:00:03]}
Qc2+ {[%clk 00:00:41]} {[%emt 00:00:03]} 43. Kg1 {[%clk 00:00:33]} {[%emt
00:00:05]} Qb1+ {[%clk 00:00:42]} {[%emt 00:00:01]} 44. Kg2 {[%clk 00:00:33]}
{[%emt 00:00:02]} Qxb5 {[%clk 00:00:43]} {[%emt 00:00:01]} 45. Ra8 {[%clk
00:00:31]} {[%emt 00:00:05]} Kc7 {[%clk 00:00:39]} {[%emt 00:00:06]} 46. a7
{[%clk 00:00:29]} {[%emt 00:00:05]} Kb7 {[%clk 00:00:39]} {[%emt 00:00:01]} 47.
Rg8 {[%clk 00:00:26]} {[%emt 00:00:04]} Kxa7 {[%clk 00:00:39]} {[%emt
00:00:02]} 48. Rxg7+ {[%clk 00:00:27]} {[%emt 00:00:02]} Ka6 {[%clk 00:00:40]}
{[%emt 00:00:01]} 49. Rxh7 {[%clk 00:00:26]} {[%emt 00:00:02]} d4 {[%clk
00:00:40]} {[%emt 00:00:03]} 50. Rh8 {[%clk 00:00:24]} {[%emt 00:00:04]} d3
{[%clk 00:00:41]} {[%emt 00:00:01]} 51. Rd8 {[%clk 00:00:23]} {[%emt 00:00:03]}
Qb2+ {[%clk 00:00:41]} {[%emt 00:00:02]} 52. Kf3 {[%clk 00:00:22]} {[%emt
00:00:02]} Qe2+ {[%clk 00:00:38]} {[%emt 00:00:05]} 53. Kf4 {[%clk 00:00:20]}
{[%emt 00:00:04]} d2 {[%clk 00:00:37]} {[%emt 00:00:03]} 54. Rxd2 {[%clk
00:00:20]} {[%emt 00:00:02]} Qxd2+ {[%clk 00:00:38]} {[%emt 00:00:02]} 55. Kg4
{[%clk 00:00:19]} {[%emt 00:00:02]} Qxh2 {[%clk 00:00:38]} {[%emt 00:00:02]} 56.
Kf3 {[%clk 00:00:20]} {[%emt 00:00:01]} Qh8 {[%clk 00:00:39]} {[%emt 00:00:01]}
57. g4 {[%clk 00:00:20]} {[%emt 00:00:02]} Qg8 {[%clk 00:00:41]} 58. Kf4 {[%clk
00:00:21]} {[%emt 00:00:02]} b5 {[%clk 00:00:43]} 59. g5 {[%clk 00:00:22]}
{[%emt 00:00:01]} b4 {[%clk 00:00:45]} 60. Kf5 {[%clk 00:00:22]} {[%emt
00:00:02]} Ka5 {[%clk 00:00:47]} 61. g6 {[%clk 00:00:23]} {[%emt 00:00:01]} b3
{[%clk 00:00:48]} 62. Kf6 {[%clk 00:00:23]} {[%emt 00:00:02]} b2 {[%clk
00:00:50]} 63. g7 {[%clk 00:00:24]} {[%emt 00:00:02]} b1=R {[%clk 00:00:49]}
{[%emt 00:00:03]} 64. Kg6 {[%clk 00:00:22]} {[%emt 00:00:04]} Rb6+ {[%clk
00:00:50]} 65. Kf5 {[%clk 00:00:22]} {[%emt 00:00:01]} Qf7 {[%clk 00:00:51]} 66.
Ke4 {[%clk 00:00:23]} {[%emt 00:00:01]} Rb4+ {[%clk 00:00:52]} 67. Kd3 {[%clk
00:00:24]} Qc4+ {[%clk 00:00:54]} 68. Ke3 {[%clk 00:00:25]} {[%emt 00:00:02]}
Rb3+ {[%clk 00:00:56]} {[%emt 00:00:01]} 69. Kd2 {[%clk 00:00:26]} {[%emt
00:00:01]} Rd3+ {[%clk 00:00:56]} 70. Ke2 {[%emt 00:00:01]} Qc2+ 71. Ke1 {[%clk
00:00:23]} {[%emt 00:00:02]} Rd1# {[%clk 00:00:57]} {[%emt 00:00:01]} 0-1

[Event "World Youth & Cadets Blitz Championships"]
[Site "Rhodes, Greece"]
[Date "2022.05.03"]
[Round "4.29"]
[White "Ashwath, Kaushik"]
[Black "Kukushkin, Ivan"]
[Result "1-0"]
[TimeControl "5'/game & 2\"/move"]
[WhiteElo "1038"]
[BlackElo "1662"]

1. e4 {[%clk 00:05:01]} {[%emt 00:00:02]} c5 {[%clk 00:05:04]} {[%emt
00:00:01]} 2. c3 {[%clk 00:05:01]} {[%emt 00:00:02]} d5 {[%clk 00:05:05]}
{[%emt 00:00:01]} 3. exd5 {[%clk 00:05:00]} {[%emt 00:00:03]} Qxd5 {[%clk
00:05:05]} {[%emt 00:00:02]} 4. Nf3 {[%clk 00:05:00]} {[%emt 00:00:01]} Bg4
{[%clk 00:05:05]} {[%emt 00:00:03]} 5. Qa4+ {[%clk 00:05:00]} {[%emt 00:00:02]}
Bd7 {[%clk 00:05:02]} {[%emt 00:00:05]} 6. Qf4 {[%clk 00:04:59]} {[%emt
00:00:03]} Nc6 {[%clk 00:04:59]} {[%emt 00:00:05]} 7. Bc4 {[%clk 00:04:57]}
{[%emt 00:00:03]} e5 {[%clk 00:04:49]} {[%emt 00:00:12]} 8. Bxd5 {[%clk
00:04:41]} {[%emt 00:00:18]} exf4 {[%clk 00:04:49]} {[%emt 00:00:01]} 9. O-O
{[%clk 00:04:35]} {[%emt 00:00:09]} O-O-O {[%clk 00:04:49]} {[%emt 00:00:02]}
10. Bxf7 {[%clk 00:04:34]} {[%emt 00:00:04]} Nf6 {[%clk 00:04:49]} {[%emt
00:00:02]} 11. d4 {[%clk 00:04:28]} {[%emt 00:00:07]} cxd4 {[%clk 00:04:49]}
{[%emt 00:00:03]} 12. cxd4 {[%clk 00:04:26]} {[%emt 00:00:03]} Bg4 {[%clk
00:04:48]} {[%emt 00:00:03]} 13. Bxf4 {[%clk 00:04:15]} {[%emt 00:00:13]} Bxf3
{[%clk 00:04:47]} {[%emt 00:00:03]} 14. gxf3 {[%clk 00:04:12]} {[%emt
00:00:05]} Nxd4 {[%clk 00:04:47]} {[%emt 00:00:03]} 15. Rc1+ {[%clk 00:04:00]}
{[%emt 00:00:12]} Kd7 {[%clk 00:04:33]} {[%emt 00:00:17]} 16. Kg2 {[%clk
00:03:37]} {[%emt 00:00:23]} Ke7 {[%clk 00:04:25]} {[%emt 00:00:12]} 17. Bb3
{[%clk 00:03:29]} {[%emt 00:00:11]} Nh5 {[%clk 00:03:59]} {[%emt 00:00:27]} 18.
Rc7+ {[%clk 00:02:56]} {[%emt 00:00:35]} Kf6 {[%clk 00:03:55]} {[%emt
00:00:06]} 19. Be3 {[%clk 00:02:32]} {[%emt 00:00:26]} Nxb3 20. axb3 {[%clk
00:02:32]} Bd6 {[%clk 00:03:41]} {[%emt 00:00:03]} 21. Rxb7 {[%clk 00:02:30]}
{[%emt 00:00:05]} Nf4+ {[%clk 00:03:26]} {[%emt 00:00:17]} 22. Bxf4 {[%clk
00:02:24]} {[%emt 00:00:08]} Bxf4 {[%clk 00:03:26]} {[%emt 00:00:01]} 23. Nc3
{[%clk 00:02:15]} {[%emt 00:00:09]} Rhe8 {[%clk 00:03:25]} {[%emt 00:00:05]} 24.
Ne4+ {[%clk 00:02:04]} {[%emt 00:00:13]} Kg6 {[%clk 00:03:19]} {[%emt
00:00:08]} 25. Ra6+ {[%clk 00:01:53]} {[%emt 00:00:13]} Kh5 {[%clk 00:03:13]}
{[%emt 00:00:08]} 26. Rxg7 {[%clk 00:01:39]} {[%emt 00:00:16]} Re5 {[%clk
00:02:22]} {[%emt 00:00:53]} 27. Rxh7+ {[%clk 00:01:25]} {[%emt 00:00:16]} Bh6
{[%clk 00:02:02]} {[%emt 00:00:23]} 28. Raxh6# {[%clk 00:01:17]} {[%emt
00:00:10]} 1-0

[Event "World Youth & Cadets Blitz Championships"]
[Site "Rhodes, Greece"]
[Date "2022.05.03"]
[Round "4.30"]
[White "Zhauynbay, Alimzhan"]
[Black "Vihaan, Anupam Agrawal"]
[Result "0-1"]
[TimeControl "5'/game & 2\"/move"]
[WhiteElo "1155"]
[BlackElo "1325"]

1. e4 {[%clk 00:05:03]} e5 {[%clk 00:05:00]} {[%emt 00:00:02]} 2. Nf3 {[%clk
00:05:04]} {[%emt 00:00:03]} Nf6 {[%clk 00:04:59]} {[%emt 00:00:03]} 3. Nxe5
{[%clk 00:04:58]} {[%emt 00:00:08]} d6 {[%clk 00:04:59]} {[%emt 00:00:02]} 4.
Nf3 {[%clk 00:05:00]} {[%emt 00:00:01]} Nxe4 {[%clk 00:04:58]} {[%emt
00:00:03]} 5. Nc3 {[%clk 00:05:01]} {[%emt 00:00:02]} Nxc3 {[%clk 00:04:58]}
{[%emt 00:00:01]} 6. dxc3 {[%clk 00:05:01]} Be6 {[%clk 00:04:58]} {[%emt
00:00:03]} 7. Bd3 {[%clk 00:05:00]} {[%emt 00:00:02]} Nc6 {[%clk 00:04:58]}
{[%emt 00:00:02]} 8. Be3 {[%clk 00:04:55]} {[%emt 00:00:07]} Be7 {[%clk
00:04:58]} {[%emt 00:00:02]} 9. O-O {[%clk 00:04:48]} {[%emt 00:00:10]} O-O
{[%clk 00:04:55]} {[%emt 00:00:04]} 10. Re1 {[%clk 00:04:44]} {[%emt 00:00:07]}
Re8 {[%clk 00:04:54]} {[%emt 00:00:02]} 11. h3 {[%clk 00:04:45]} {[%emt
00:00:02]} h6 {[%clk 00:04:54]} {[%emt 00:00:01]} 12. a3 {[%clk 00:04:45]}
{[%emt 00:00:03]} Bf6 {[%clk 00:04:49]} {[%emt 00:00:07]} 13. Qd2 {[%clk
00:04:42]} {[%emt 00:00:04]} Qd7 {[%clk 00:04:49]} {[%emt 00:00:03]} 14. Bxh6
{[%clk 00:04:22]} {[%emt 00:00:22]} gxh6 {[%clk 00:03:41]} {[%emt 00:01:10]} 15.
Qxh6 {[%clk 00:04:22]} {[%emt 00:00:02]} Bg7 {[%clk 00:03:39]} {[%emt
00:00:04]} 16. Qh7+ {[%clk 00:04:21]} {[%emt 00:00:04]} Kf8 {[%clk 00:03:37]}
{[%emt 00:00:02]} 17. Ng5 {[%clk 00:04:09]} {[%emt 00:00:14]} Ne5 {[%clk
00:03:21]} {[%emt 00:00:17]} 18. Be4 {[%clk 00:03:46]} {[%emt 00:00:26]} d5
{[%clk 00:02:43]} {[%emt 00:00:40]} 19. Rad1 {[%clk 00:03:42]} {[%emt
00:00:06]} Qe7 {[%clk 00:01:30]} {[%emt 00:01:16]} 20. Nxe6+ {[%clk 00:03:41]}
{[%emt 00:00:03]} fxe6 {[%clk 00:01:23]} {[%emt 00:00:08]} 21. Bd3 {[%clk
00:03:36]} {[%emt 00:00:07]} Qf6 {[%clk 00:01:15]} {[%emt 00:00:10]} 22. f4
{[%clk 00:03:21]} {[%emt 00:00:18]} Nxd3 {[%clk 00:00:46]} {[%emt 00:00:31]} 23.
Qxd3 {[%clk 00:03:02]} {[%emt 00:00:20]} Re7 {[%clk 00:00:33]} {[%emt
00:00:15]} 24. Qb5 {[%clk 00:02:53]} {[%emt 00:00:12]} c6 {[%clk 00:00:26]}
{[%emt 00:00:09]} 25. Qc5 {[%clk 00:02:52]} {[%emt 00:00:02]} Kg8 {[%clk
00:00:22]} {[%emt 00:00:06]} 26. c4 {[%clk 00:02:46]} {[%emt 00:00:09]} Rae8
{[%clk 00:00:19]} {[%emt 00:00:05]} 27. Qxa7 {[%clk 00:02:34]} {[%emt
00:00:13]} Qxb2 {[%clk 00:00:10]} {[%emt 00:00:12]} 28. cxd5 {[%clk 00:02:34]}
{[%emt 00:00:02]} exd5 {[%clk 00:00:07]} {[%emt 00:00:05]} 29. Rxe7 {[%clk
00:02:35]} {[%emt 00:00:02]} Rxe7 {[%clk 00:00:07]} {[%emt 00:00:01]} 30. Qb8+
{[%clk 00:02:33]} {[%emt 00:00:04]} Bf8 {[%clk 00:00:05]} {[%emt 00:00:04]} 31.
Qc8 {[%clk 00:02:16]} {[%emt 00:00:19]} Qf6 {[%clk 00:00:03]} {[%emt 00:00:04]}
32. Qg4+ {[%clk 00:02:15]} {[%emt 00:00:03]} Rg7 {[%clk 00:00:04]} 33. Qf3
{[%clk 00:02:14]} {[%emt 00:00:03]} Bc5+ {[%clk 00:00:05]} {[%emt 00:00:01]} 34.
Kh1 {[%clk 00:02:12]} {[%emt 00:00:03]} Rf7 {[%clk 00:00:07]} 35. Qg4+ {[%clk
00:02:12]} {[%emt 00:00:02]} Rg7 {[%clk 00:00:08]} {[%emt 00:00:01]} 36. Qc8+
{[%clk 00:02:13]} {[%emt 00:00:02]} Qf8 {[%clk 00:00:08]} 37. Qe6+ {[%clk
00:02:12]} {[%emt 00:00:02]} Qf7 {[%clk 00:00:09]} {[%emt 00:00:02]} 38. Qe5
{[%clk 00:02:09]} {[%emt 00:00:04]} Qe7 {[%clk 00:00:07]} {[%emt 00:00:05]} 39.
Qc3 {[%clk 00:02:05]} {[%emt 00:00:06]} Bd6 {[%clk 00:00:06]} {[%emt 00:00:03]}
40. Re1 {[%clk 00:02:04]} {[%emt 00:00:03]} Qf7 {[%clk 00:00:06]} {[%emt
00:00:02]} 41. f5 {[%clk 00:01:55]} {[%emt 00:00:10]} Qxf5 {[%clk 00:00:03]}
{[%emt 00:00:05]} 42. Re8+ {[%clk 00:01:54]} {[%emt 00:00:03]} Kh7 {[%clk
00:00:05]} 43. Re1 {[%clk 00:01:48]} {[%emt 00:00:08]} Qf2 {[%clk 00:00:05]}
{[%emt 00:00:02]} 44. Qd3+ {[%clk 00:01:47]} {[%emt 00:00:03]} Kh8 {[%clk
00:00:04]} {[%emt 00:00:01]} 45. Re8+ {[%clk 00:01:28]} {[%emt 00:00:23]} Bf8
{[%clk 00:00:05]} 46. Qf3 {[%clk 00:01:27]} {[%emt 00:00:03]} Qxf3 {[%clk
00:00:05]} {[%emt 00:00:02]} 47. gxf3 {[%clk 00:01:28]} {[%emt 00:00:01]} Kg8
{[%clk 00:00:06]} {[%emt 00:00:01]} 48. a4 {[%clk 00:01:29]} {[%emt 00:00:01]}
Re7 {[%clk 00:00:06]} {[%emt 00:00:02]} 49. Rb8 {[%clk 00:01:27]} {[%emt
00:00:04]} Kf7 {[%clk 00:00:07]} {[%emt 00:00:01]} 50. Kg1 {[%clk 00:01:26]}
{[%emt 00:00:02]} Bh6 {[%clk 00:00:08]} {[%emt 00:00:02]} 51. Kf2 {[%clk
00:01:26]} {[%emt 00:00:01]} Be3+ {[%clk 00:00:09]} {[%emt 00:00:02]} 52. Kg3
{[%clk 00:01:26]} Bc5 {[%clk 00:00:10]} {[%emt 00:00:02]} 53. Rh8 {[%clk
00:01:24]} {[%emt 00:00:03]} Bd6+ {[%clk 00:00:11]} {[%emt 00:00:02]} 54. Kf2
{[%clk 00:01:25]} {[%emt 00:00:01]} Bc5+ {[%clk 00:00:11]} {[%emt 00:00:01]} 55.
Kf1 {[%clk 00:01:24]} {[%emt 00:00:03]} Ke6 {[%clk 00:00:12]} {[%emt 00:00:02]}
56. h4 {[%clk 00:01:24]} {[%emt 00:00:02]} Kd7 {[%clk 00:00:13]} {[%emt
00:00:01]} 57. h5 {[%clk 00:01:24]} {[%emt 00:00:02]} Rf7 {[%clk 00:00:12]}
{[%emt 00:00:03]} 58. Ke2 {[%clk 00:01:22]} {[%emt 00:00:03]} Re7+ {[%clk
00:00:13]} {[%emt 00:00:02]} 59. Kd2 {[%clk 00:01:23]} Bd4 {[%clk 00:00:13]}
{[%emt 00:00:02]} 60. Rb8 {[%clk 00:01:17]} {[%emt 00:00:08]} Kc7 {[%clk
00:00:14]} {[%emt 00:00:01]} 61. Rg8 {[%clk 00:01:16]} {[%emt 00:00:03]} Rh7
{[%clk 00:00:14]} {[%emt 00:00:01]} 62. Rg5 {[%clk 00:01:17]} {[%emt 00:00:02]}
Kb6 {[%clk 00:00:14]} {[%emt 00:00:02]} 63. c3 {[%clk 00:01:17]} {[%emt
00:00:02]} Bf6 {[%clk 00:00:13]} {[%emt 00:00:03]} 64. Rf5 {[%clk 00:01:17]}
{[%emt 00:00:02]} Be7 {[%clk 00:00:13]} {[%emt 00:00:03]} 65. Kc2 {[%clk
00:01:15]} {[%emt 00:00:03]} Ka5 {[%clk 00:00:13]} {[%emt 00:00:02]} 66. Kb3
{[%clk 00:01:16]} Bc5 {[%clk 00:00:13]} {[%emt 00:00:02]} 67. c4 {[%clk
00:01:16]} {[%emt 00:00:02]} Rd7 {[%clk 00:00:11]} {[%emt 00:00:05]} 68. cxd5
{[%clk 00:01:16]} {[%emt 00:00:02]} cxd5 {[%clk 00:00:12]} {[%emt 00:00:01]} 69.
h6 {[%clk 00:01:16]} {[%emt 00:00:02]} b6 {[%clk 00:00:11]} {[%emt 00:00:02]}
70. f4 {[%clk 00:01:15]} {[%emt 00:00:03]} d4 {[%clk 00:00:12]} {[%emt
00:00:01]} 71. Kc4 {[%clk 00:01:14]} {[%emt 00:00:03]} Kxa4 {[%clk 00:00:11]}
{[%emt 00:00:02]} 72. Rg5 {[%clk 00:01:12]} {[%emt 00:00:04]} d3 {[%clk
00:00:11]} {[%emt 00:00:03]} 73. Rg7 {[%clk 00:01:04]} {[%emt 00:00:09]} Be7
{[%clk 00:00:04]} {[%emt 00:00:09]} 74. h7 {[%clk 00:01:01]} {[%emt 00:00:06]}
d2 {[%clk 00:00:05]} {[%emt 00:00:02]} 75. h8=Q {[%emt 00:00:05]} Rc7 {[%clk
00:00:06]} 76. Kd5 {[%clk 00:00:56]} {[%emt 00:00:04]} d1=Q+ {[%emt 00:00:02]}
77. Ke6 {[%clk 00:00:56]} Qd6+ {[%clk 00:00:06]} {[%emt 00:00:01]} 78. Kf5
{[%clk 00:00:53]} {[%emt 00:00:04]} Rc5+ {[%clk 00:00:07]} {[%emt 00:00:02]} 79.
Kg4 {[%clk 00:00:53]} Qd1 {[%clk 00:00:09]} {[%emt 00:00:02]} 80. Kg3 {[%clk
00:00:52]} {[%emt 00:00:03]} Rc3+ {[%clk 00:00:10]} {[%emt 00:00:02]} 81. Kh2
{[%clk 00:00:49]} {[%emt 00:00:02]} Qd2+ {[%clk 00:00:11]} {[%emt 00:00:03]} 82.
Rg2 {[%clk 00:00:42]} {[%emt 00:00:09]} Qxf4+ {[%clk 00:00:11]} {[%emt
00:00:02]} 83. Kh1 {[%clk 00:00:42]} {[%emt 00:00:01]} Rc1+ {[%clk 00:00:12]}
{[%emt 00:00:02]} 84. Rg1 {[%clk 00:00:42]} {[%emt 00:00:02]} Qf3+ {[%clk
00:00:13]} {[%emt 00:00:01]} 85. Kh2 {[%clk 00:00:41]} {[%emt 00:00:03]} Bd6+
{[%clk 00:05:02]} {[%emt 00:00:09]} 0-1